The seventh commandment /

Saved in:
Bibliographic Details
Main Author: Glyn, Elinor, 1864-1943
Format: Book
Language:English
Published: Auburn, N.Y. : The Author's Press, 1902.
Series:Author's Press series of the works of Elinor Glyn.
LEADER 00934nam a2200241 a 4500
001 c000409367
003 CARM
005 00000000000000.0
008 s1902 nyu 00111 eng d
019 1 |a 6016298 
040 |a VDU  |c VDU 
082 0 4 |a 820.912 
100 1 |a Glyn, Elinor,  |d 1864-1943. 
240 1 0 |a Reflections of Ambrosine. 
245 1 4 |a The seventh commandment /  |c [Elinor Glyn] 
260 0 |a Auburn, N.Y. :  |b The Author's Press,  |c 1902. 
300 |a 236 p. ;  |c 17 cm. 
490 0 |a The Author's Press series of the works of Elinor Glyn. 
500 |a Originally published under the title: "The Reflections of Ambrosine" 
830 0 |a Author's Press series of the works of Elinor Glyn. 
852 8 |b CARM  |h A3:AF08A0  |i A05639  |p 0570487  |f BK 
999 f f |i a260d99a-df3a-51d1-9418-b7ef6aadb807  |s bdea0bae-3a09-58e6-8c84-00b21059cb13 
952 f f |p Can circulate  |a CAVAL  |b CAVAL  |c CAVAL  |d CARM 1 Store  |e A05639  |f A3:AF08A0  |h Other scheme  |i book  |m 0570487